00769cam a2200205Mc 450000500170000000800410001702000180005803500210007604000500009704100080014724500960015524600650025126000740031630000240039050000210041465000360043565000320047165000290050370000310053220151015111622.0151015s2010 xxu fr 001 0 eng d a9780253353696 a(OCoLC)894559094 aCO-BoUCMbspacSandra PalaciodSandra Palacio0 aeng04aThe anthropology of news & journalism bglobal perspectives cEditado por S. Elizabeth Bird aThe anthropology of news y journalism bglobal perspectives  aBloomington (Indiana, Estados Unidos)bIndiana University Pressc2010 aviii, 328 páginas aIncluye índice 7aAntropología xComunicación 7aPeriodismo xAntropología 7aCultura xAntropoligía1 aBird, S. Elizabetheeditor